000 00310nam a22001337a 4500
008 171023b xxu||||| |||| 00| 0 eng d
020 _a9781579809447
041 _aeng
080 _a311
100 _a55
101 _aSTA
245 _aSTATISTICAL ABSTRACT OF THE UNITED STATES
_cEVANS,D.L
942 _2udc
_cBK
999 _c35520
_d35520